| 000 | 004490000a22001810004500 | ||
|---|---|---|---|
| 003 | LK-CoMWRAF | ||
| 008 | 230817t ||||| |||| 00| 0 eng d | ||
| 040 |
_aLK-CoMWRAF _dLK-CoMWRAF _eLK-CoMWRAF |
||
| 041 | _aeng | ||
| 082 |
_a092 _bSHE |
||
| 100 | _aSherifudeen, Jinnah | ||
| 245 |
_aMuthu Nagai _b |
||
| 260 |
_bAnnnai Veliyeettakam _aSri Lanka (Marudamunai) _c1989 |
||
| 300 | _ap.144 | ||
| 650 | _aPoems | ||
| 650 | _aTamil text | ||
| 942 | _cBK | ||
| 999 |
_c2086 _d2086 |
||